000 00755nam a2200301Ia 4500
008 170203s9999 xx 000 0 und d
020 _a0-140549609
050 _aFic
050 _bL847t
100 _aLondon, Jonathan.
245 4 _aThe owl who became the moon /
245 _cby Jonathan London ; illustrated by Ted Rand.
250 _a1st ed.
260 _aNew York :
260 _bPuffin Unicorn,
260 _c1996
300 _a32 unnumbered pages :
300 _bcolor illustrations ;
300 _c26 cm.
440 _aPicture puffins.
650 _aAnimals--
650 _aNight--
650 _aRailroads--Trains--
650 _xFiction.
650 _xFiction.
650 _xFiction.
700 _aRand, Ted, ill.
999 _c306632
_d306632